Holding On To You - Lyrics Twenty One Pilots - Statistiques

Statistiques générales
  • Ce quiz a été pris 38 fois
  • Le résultat moyen est 385 sur 627
Statistiques - réponses
Answers % Correct
a
100%
holding
100%
I
100%
to
100%
you
100%
You
100%
on
97%
my
93%
me
90%
no
87%
be
83%
in
83%
an
80%
I’s
80%
is
80%
Is
80%
of
80%
the
80%
control
77%
Entertain
77%
entertain
77%
faith
77%
I'm
77%
it
77%
It
77%
all
73%
and
73%
And
73%
beat
73%
are
70%
body
70%
for
70%
I'll
70%
over
70%
take
70%
taking
70%
back
67%
eyes
67%
life
67%
lot
67%
Lyrics
67%
must
67%
Not
67%
surrounding
67%
Time
67%
time
67%
when
67%
where
67%
your
67%
have
63%
moment
63%
right
63%
trust
63%
we
63%
at
60%
can't
60%
feet
60%
Fight
60%
lost
60%
move
60%
nothin
60%
rock
60%
soul
60%
stop
60%
with
60%
behind
57%
got
57%
know
57%
mean
57%
mind
57%
obey
57%
our
57%
Remember
57%
that
57%
twice
57%
were
57%
anymore
53%
both
53%
brain
53%
exactly
53%
forgot
53%
gonna
53%
kaleidoscope
53%
make
53%
more
53%
really
53%
think
53%
Twisting
53%
was
53%
belong
50%
bet
50%
flesh
50%
Lean
50%
left
50%
nice
50%
night
50%
open
50%
probably
50%
sea
50%
should
50%
side
50%
surroundings
50%
swat
50%
thought
50%
about
47%
gifted
47%
happens
47%
hearts
47%
it's
47%
looks
47%
next
47%
Tie
47%
tie
47%
ain't
43%
Cause
43%
door
43%
mountain
43%
must've
43%
out
43%
pain
43%
shotty
43%
tell
43%
This
43%
this
43%
tree
43%
T’s
43%
uncrossed
43%
undotted
43%
around
40%
Before
40%
before
40%
close
40%
down
40%
loose
40%
news
40%
speakers
40%
fought
37%
ignite
37%
leash
37%
now
37%
range
37%
seems
37%
Sounding
37%
still
37%
story
37%
bump
33%
like
33%
noose
33%
windowsill
33%
introspective
30%
unfolds
30%
goin
27%
show
27%
you're
27%
Ah
23%
ah
23%
breathe
23%
enough
23%
frozen
23%
fine
20%
slowin
20%
write
17%
Aucun quiz correspondant
Distribution des résultats
% des personnes avec chaque résultat
Percentile par nombre de réponses
Votre historique - résultats
Vous n’avez pas pris ce quiz